GRANT'S DISSECTOR (Record no. 30480)

MARC details
000 -LEADER
fixed length control field 00340nam a22001577a 4500
003 - CONTROL NUMBER IDENTIFIER
control field SGT
020 ## - INTERNATIONAL STANDARD BOOK NUMBER
International Standard Book Number 9789393553300
082 ## - DEWEY DECIMAL CLASSIFICATION NUMBER
Classification number 611
Item number G25R
100 ## - MAIN ENTRY--PERSONAL NAME
Personal name RAGHUNATH, GUNAPRIYA
245 ## - TITLE STATEMENT
Title GRANT'S DISSECTOR
250 ## - EDITION STATEMENT
Edition statement 2ND
260 ## - PUBLICATION, DISTRIBUTION, ETC. (IMPRINT)
Place of publication, distribution, etc INDIA
Name of publisher, distributor, etc WOLTERS KLUWER
Year of Publication 2025
300 ## - PAGE DESCRIPTION
No. of Pages 407
650 ## - SUBJECT ADDED ENTRY--TOPICAL TERM
Topical term or geographic name as entry element HUMAN ANATOMY
942 ## - ADDED ENTRY ELEMENTS (KOHA)
Source of classification or shelving scheme Dewey Decimal Classification
Koha item type Books
Holdings
Withdrawn status Lost status Source of classification or shelving scheme Damaged status Not for loan Collection code Home library Current library Shelving location Date acquired Vendor Name Cost, normal purchase price SGTU Bill Number Full call number Accession No. (Barcode) Date last seen Bill Date Koha item type Total Checkouts Date last borrowed
    Dewey Decimal Classification     MEDICAL SGT Medical Library SGT Medical Library Reference Book 13/02/2025 ABC DELHI 1275.00 SGTU 20481 611 G25R FM14634 27/03/2025 13/02/2025 Books    
    Dewey Decimal Classification     MEDICAL SGT Medical Library SGT Medical Library Text Book 13/02/2025 ABC DELHI 1275.00 SGTU 20481 611 G25R FM14635 02/02/2026 13/02/2025 Books 1 19/01/2026
    Dewey Decimal Classification   Not For Loan MEDICAL SGT Medical Library SGT Medical Library Text Book 13/02/2025 ABC DELHI 1275.00 SGTU 20481 611 G25R FM14633 27/03/2025 13/02/2025 Books